The rising sun on main street
Gorde:
| Egile nagusia: | |
|---|---|
| Formatua: | Liburua |
| Hizkuntza: | Undetermined |
| Argitaratua: |
Tokyo
Yohan Publications, Inc.
1991
|
| Gaiak: | |
| Etiketak: |
Etiketa erantsi
Etiketarik gabe, Izan zaitez lehena erregistro honi etiketa jartzen!
|
| Thư viện lưu trữ: | Trung tâm Học liệu Trường Đại học Cần Thơ |
|---|
| LEADER | 00605nam a2200205Ia 4500 | ||
|---|---|---|---|
| 001 | CTU_87875 | ||
| 008 | 210402s9999 xx 000 0 und d | ||
| 082 | |a 658 | ||
| 082 | |b R595 | ||
| 100 | |a Lanier, Alison R. | ||
| 245 | 4 | |a The rising sun on main street | |
| 245 | 0 | |c Alison R. Lanier | |
| 260 | |a Tokyo | ||
| 260 | |b Yohan Publications, Inc. | ||
| 260 | |c 1991 | ||
| 650 | |a Corporations, Japanese,Industrial management,Negotiation in business | ||
| 650 | |x Personnel management | ||
| 650 | |z Japan,Japan | ||
| 904 | |i Trọng Hiếu | ||
| 980 | |a Trung tâm Học liệu Trường Đại học Cần Thơ | ||